La catedral de Amiens

Gardado en:
Detalles Bibliográficos
Autor Principal: Tafuri, Manfredo (Author)
Formato: Libro
Idioma:Lingua castelá
Publicado: Granada Albaicin 1966
Series:Forma y Color. Los Grandes Ciclos del Arte, 16
Subjects:
Tags: Engadir etiqueta
Sen Etiquetas, Sexa o primeiro en etiquetar este rexistro!

MARC

LEADER 00000nam a2200000 a 4500
001 UCT0913
003 CL-VaPUC
008 960913e19660000SP |||||||||||||||||spa|d
082 0 4 |a 726.6  |b TAF  |2 21 
100 0 |a Tafuri, Manfredo  |e author  |9 369508 
245 1 3 |a La catedral de Amiens 
300 |a 30 p 
942 |c BK 
945 |d 19960913 00:00:00  |a nastorga 
260 |a Granada  |b Albaicin  |c 1966 
650 7 |a CATEDRALES  |2 CL-VaPUC  |9 267660 
650 0 |a Edificios religiosos  |9 335394 
650 0 |a Obras de arte  |9 337253 
650 0 |a Diseño arquitectónico   |9 265271 
650 0 |a Monumentos  |9 265246 
650 0 |a Arquitectura  |9 804558 
650 7 |a TEMPLOS  |2 CL-VaPUC  |9 266644 
583 |a last modification  |c 19960913 00:00:00  |k Rodrigo Vera 
490 0 |a Forma y Color. Los Grandes Ciclos del Arte, 16 
999 |c 251599  |d 251597 
952 |0 0  |1 0  |4 0  |6 726_600000000000000_TAF_1966  |7 0  |8 A  |9 270881  |a BIBARQ  |b BIBARQ  |d 2019-11-19  |i 323097K  |o 726.6 TAF 1966  |p 323097K  |r 2025-01-20  |w 2019-11-19  |y BK  |k ARQ 
952 |0 0  |1 0  |4 0  |6 726_600000000000000_TAF_1966  |7 0  |8 A  |9 270882  |a BIBART  |b BIBART  |d 2019-11-19  |i 1205609  |o 726.6 TAF 1966  |p 1205609  |r 2025-03-13  |w 2019-11-19  |y BK  |k ART